000 01217nam a2200325 i 4500
003 EG-GICUC
005 20260204183105.0
008 260108s2004 ua |||fr|||| 00| 0 ara d
017 _a2763/2004
020 _a97704409x
040 _a EG-GICUC
_bara
_c EG-GICUC
_d EG-GICUC
_erda
041 1 _aAra
082 0 4 _221
_a343.11228
_bس ع . ح
092 0 4 _221
099 _aLaw1 10 343.11228 س ع . ح 2004
100 0 _aسعيد عبداللطيف حسن
_eمؤلف.
245 1 2 _aالحماية الجنائية للعرض فى الفقه الإسلامى والقانون الوضعى /
_cتأليف الدكتور سعيد عبداللطيف حسن.
264 1 _aالقاهرة :
_bدار النهضة العربية،
_c2004.
300 _a451 صفحة؛
_b
_c24 سم.
336 _2rda content
_atext
337 _2rda media
_aComputer
338 _2rda carrier
_aOnline Resource
504 _aببليوجرافيا: صفحات429-440.
650 1 _aالحماية الجنائية لمصالح اخرى
_2qrmak
650 1 _aالقانون الجنائى
_2qrmak
651 1 _2qrmak
856 4 0 _uhttps://fll.law.cu.edu.eg/fulltext/bks/B10-07429.pdf
905 _a54
942 _2ddc
_cBK
_e21
_n0
999 _c55657
_d55657